000 00412nam a2200145Ia 4500
008 150301s2009 xx 000 0 und d
082 _a617.601
_bP2009H
100 _aHIREMATH ,S.S
245 _aTEXT BOOK OF PREVENTIVE AND COMMUNITY DENTISTRY
250 _a1ST
260 _bELSEVIER PUBLICATION
_aST.LOUIS MISSOURI
_c2009
300 _a1-528
650 _aPREVENTIVE & COMMUNITY DENTISTRY
942 _2ddc
_cBK
_01
999 _c6887
_d6887